Normal view
MARC view
- Stefanick, Tom
Entry Personal Name
001 - CONTROL NUMBER
- control field: 28299
003 - CONTROL NUMBER IDENTIFIER
- control field: NUST
005 - DATE AND TIME OF LATEST TRANSACTION
- control field: 20200204142319.0
008 - FIXED-LENGTH DATA ELEMENTS
- fixed length control field: 200204|| aca||aabn | a|a d
040 ## - CATALOGING SOURCE
- Original cataloging agency: NUST
- Transcribing agency: NUST
100 ## - HEADING--PERSONAL NAME
- Personal name: Stefanick, Tom
670 ## - SOURCE DATA FOUND
- Source citation: Work cat.: (NUST): Stefanick, Tom, Strategic missile submarines and international security, 1989
